Регионална библиотека "Любен Каравелов" - Русе

Необикновеният път на обикновените неща, които използваме всеки ден (Запис номер 387569)

MARC детайли
000 -Лидер
Контролно поле с фиксирана дължина 01382nam a22002897a 4500
003 - Код на организацията, давaща контролен номер
Контролно поле BLK
005 - Дата и час на последна редакция
Контролно поле 20250724132827.0
008 - Елементи от данни с фиксирана дължина
fixed length control field 200910b bu |||||r|||| 00| | bu d
020 ## - Международен стандартен номер на книга ISBN
Международен стандартен номер на книга ISBN 978-619-199-413-7
020 ## - Международен стандартен номер на книга ISBN
Международен стандартен номер на книга ISBN 3800083825111
040 ## - Източник на каталожния запис
Идентификатор на билиотеката - собственик на записа BLK
041 ## - Код за език
Код за езика на текст/звукозапис или на отделно заглавие Български
Код за езика КДБФ Български
080 ## - УДК
Текстов определител УДК Издания за деца и юноши. Книжки-картинки. Читанки. Вж и 372.4
УДК код - определител по УДК 087.5
УДК - код + определител 087.5
100 ## - Редна дума - Автор
Автор Дойч, Либи
Авторска отговорност първи автор
R(LIN) 1299
139 ## - Редно поле
Редна дума Дойч, Либи
Авторски знак Дои - Д 71
245 ## - Сведения за заглавието
Заглавие Необикновеният път на обикновените неща, които използваме всеки ден
Подзаглавни данни от телефоните до храната, от електричеството до тоалетната ... Как точно работи светът?
Редно поле (дума) Либи Дойч ; ил. Валпури Кертура ; прев. Ирина Манушева
260 ## - Област на издателските данни
9 (RLIN) 209475
Място на издаване, разпространение и проч. София
Име на издателя, разпространителя и проч. Фют
Година на издаване 2019
Печатница Китай
300 ## - Физическа характеристика
Страници 48 с.
Илюстрации и др. с цв. ил.
Размери/Мащаб 31 см
380 ## - Жанр
Жанр Общ отдел
500 ## - Общи забележки
Забележка Ориг. загл.: The everyday journeys of ordinary things<br/>
700 ## - Други автори (авторска отговорност)
9 (RLIN) 599
Лично име Кертула, Валпури
Автороска отговорност (Описва отношението между автора и произведението) ил.
700 ## - Други автори (авторска отговорност)
Лично име Манушева, Ирина Борисова
9 (RLIN) 368041
852 ## - Местоположение
Фондова буква Хранилище
999 ## - СИСТЕМНИ КОНТРОЛНИ НОМЕРА
Koha biblionumber 387569
Koha biblioitemnumber 387569
942 ## - АРТИКУЛИ
Вид на библиотечния материал Книги
Скрит в OPAC Не
Периодичен библиозапис Да
Koha issues (borrowed), all copies 39
944 ## - СЪЗДАВАНЕ И РЕДАКЦИЯ на ЗАПИСА
Създаване/Редакция Създаване
Дата на регистрацията/редакция 2020-09-10
Служител, извършил регистрацията/редакцията 30552
Статус, дата на статуса Виолета Тройчева
999 ## - СИСТЕМНИ КОНТРОЛНИ НОМЕРА
Koha biblioitemnumber 387569
Наличности
Код за отписване Код за изгубен артикул Източник на класификационната схема Код за повреда Коз за рестрикции Код за отдаване Артикулен № Име на библиотеката - собственик Име на библиотеката, в която се намира в момента Статус (Текущо местоположение) Дата на вписване в системата Местоположение - отдел Цена в лева Систематично азбучна сигнатура Баркод Цена в евро Служебен тип на артикула
  Не е изгубен Universal Decimal Classification Не е повреден само за читалня ползва се в читалня 798675 Регионална библиотека "Любен Каравелов" Русе Регионална библиотека "Любен Каравелов" Русе Хранилище 2020-09-14 Хранилище 17.90 Цб ІІ 25503 120000846063 9.15 Книги
  Не е изгубен Universal Decimal Classification Не е повреден без рестрикции заемане за дома 862150 Регионална библиотека "Любен Каравелов" Русе Регионална библиотека "Любен Каравелов" Русе Детски отдел 2021-11-16 Детски отдел 13.42 0/Д 71 120000862559 6.86 Книги
  Не е изгубен Universal Decimal Classification Не е повреден без рестрикции заемане за дома 862151 Регионална библиотека "Любен Каравелов" Русе Регионална библиотека "Любен Каравелов" Русе Детски отдел 2021-11-16 Детски отдел 13.42 0/Д 71 120000862558 6.86 Книги
Vip Innovations Ltd, Rousse, Bulgaria 2025